01117nam a2200193Ia 4500001001100000003001000011008004100021040002500062041001300087100001800100245003100118250001100149260007700160300001200237500026200249501011400511520026200625650003600887L200-54451IT-CnALBA170116s9999||||xx |||||||||||||| ||und|| aIT-CnALBAcIT-CnALBA aITALIANO aPIANO STEFANO 0aCANTI RELIGIOSI DEI SIKH.  a1a ed. aMILANObRUSCONI, EDITORE c1999 [1° Ed.:1999 - Ed.Ling.Originale: 1985] a278 p.  aSPIRITUALITÀ CURATORE PIANO S. INTRODUZIONE. LE PREGHIERE QUOTIDIANE. PREGHIERA DEL MATTINO. LA MEDITAZIONE. DELLA SERA. L'INVOCAZIONE. PREGHIERA DELLA NOTTE. CANTO DI LODE. CANTO DELL'OFFERTA DI LAMPADE. CANTO DEI GURU. CANTI DEI BHAGAT. INDICE CANTI. GL aSocietà San Paolo EM - Piazza San Paolo, 14 - 12051 ALBA (CN) (non commercial uses only) ® Copyright 2017 aSPIRITUALITÀ CURATORE PIANO S. INTRODUZIONE. LE PREGHIERE QUOTIDIANE. PREGHIERA DEL MATTINO. LA MEDITAZIONE. DELLA SERA. L'INVOCAZIONE. PREGHIERA DELLA NOTTE. CANTO DI LODE. CANTO DELL'OFFERTA DI LAMPADE. CANTO DEI GURU. CANTI DEI BHAGAT. INDICE CANTI. GL aRELIGIONE - RELIGIONE CRISTIANA